[Event "Seville op 35th"]
[Site "Seville"]
[Date "2010.01.08"]
[Round "1"]
[White "Hamdouchi, Hicham"]
[Black "Martin Rodriguez, Jose Maria"]
[Result "1-0"]
[WhiteElo "2601"]
[BlackElo "1922"]
[PlyCount "39"]
[EventDate "2010.01.08"]
[EventType "swiss"]
[EventRounds "9"]
[EventCountry "ESP"]
[SourceTitle "CBM 134 Extra"]
[Source "ChessBase"]
[SourceDate "2010.03.03"]
[SourceVersion "1"]
[SourceVersionDate "2010.03.03"]
[SourceQuality "1"]

1. e4 e5 2. Nf3 Nc6 3. d4 exd4 4. Nxd4 d6 5. Nc3 Nf6 6. Bf4 Bd7 7. Qd2 Be7 8. 0-0-0 0-0 9. Rg1 Nxd4 10. Qxd4 Bc6 11. g4 Nd7 12. g5 Re8 13. h4 Bf8 14. h5 Ne5 15. Rg3 a6 16. Bd2 Nd7 17. Bc4 Qe7 18. g6 hxg6 19. hxg6 Ne5 20. gxf7+ 1-0

[Event "Seville op 34th"]
[Site "Seville"]
[Date "2009.01.24"]
[Round "2"]
[White "Martin Rodriguez, Jose Maria"]
[Black "Barria Zuniga, Daniel"]
[Result "0-1"]
[WhiteElo "1974"]
[BlackElo "2419"]
[PlyCount "70"]
[EventDate "2009.01.23"]
[EventType "swiss"]
[EventRounds "9"]
[EventCountry "ESP"]
[SourceTitle "CBM 128 Extra"]
[Source "ChessBase"]
[SourceDate "2009.03.05"]
[SourceVersion "2"]
[SourceVersionDate "2009.03.25"]
[SourceQuality "1"]

1. d4 Nf6 2. Nf3 e6 3. Bf4 c5 4. c3 Nc6 5. e3 Qb6 6. Qc2 Nh5 7. Bg3 d5 8. Be2 Nxg3 9. hxg3 h6 10. Nbd2 Bd7 11. 0-0 Be7 12. Rfe1 0-0 13. a3 a5 14. a4 Rac8 15. Qb3 Qxb3 16. Nxb3 b6 17. Bb5 Rfd8 18. Nbd2 Kf8 19. Rac1 Nb8 20. Bxd7 Nxd7 21. e4 cxd4 22. cxd4 dxe4 23. Nxe4 Nf6 24. Nc3 Bb4 25. Red1 Bxc3 26. Rxc3 Rxc3 27. bxc3 Rc8 28. Rb1 Nd5 29. Ne5 Rxc3 30. Nd7+ Ke7 31. Nxb6 Nb4 32. Re1 Rc6 33. Na8 Kd8 34. Re5 Ra6 35. Nb6 Rxb6 0-1